Najczęściej odwiedzane państwa na świecie - Statystyki

Ogólne statystyki
  • Ten quiz został rozwiązany 37 razy
  • Średni wynik to 8 z 10
Statystyki odpowiedzi
Hint Odpowiedź % Poprawnych
3. USA
100%
2. Hiszpania
97%
1. Francja
94%
4. Włochy
94%
8. Niemcy
86%
9. Wielka Brytania
86%
10. Grecja
75%
5. Turcja
72%
6. Meksyk
69%
7. Tajlandia
69%
Nie znaleziono quizów pasujących do podanych kryteriów
Rozkład punktacji
Procent ludzi z każdym wynikiem
Percentyl według liczby udzielonych odpowiedzi
Twoja historia wyników
Nie rozwiązałeś tego quizu